| 000 | 00410pab a2200169 454500 | ||
|---|---|---|---|
| 008 | 180718b2007 xxu||||| |||| 00| 0 eng d | ||
| 100 | _aBrown, Andrew G. | ||
| 245 | _aIssues of fairness in international trade agreements | ||
| 260 | _c2007 | ||
| 300 | _ap.1-22. | ||
| 362 | _aJan-Mar | ||
| 650 | _aInternational trade | ||
| 700 | _aStern, Robert M. | ||
| 773 | _aMargin | ||
| 908 | _aN | ||
| 909 | _a74277 | ||
| 999 |
_c74277 _d74277 |
||